Boulogne-sur-Mer – Choix Multiples - Statistiques

Statistiques générales
  • Ce quiz a été pris 113 fois
  • Le résultat moyen est 7 sur 10
Statistiques - réponses
Question Réponse % Correct
Sur quelle côte Boulogne-sur-Mer se situe-t-elle ? Côte d'Opale
97%
Quelle attraction de Boulogne-sur-Mer possède le plus grand aquarium d'Europe ? Nausicaá
92%
De quel département Boulogne-sur-Mer est-elle une sous-préfecture ? Pas-de-Calais
92%
On trouve à Boulogne-sur-Mer le plus grand port _____ de France. De pêche
90%
Quel couple de footballeurs est né à Boulogne-sur-Mer ? Jean-Pierre Papin et Franck Ribéry
85%
Quel mariage historique a eu lieu à Boulogne-sur-Mer ? Édouard II et Isabelle de France (1308)
59%
Dans quel pays se trouve la ville de Boulogne Sur Mer, qui compte 75 000 habitants ? Argentine
49%
Quelle description correspond à Godefroy de Bouillon, fils du Comte de Boulogne ? Souverain de Jérusalem à l'issue de la Première Croisade
33%
Qu'est-ce qui fut officialisé par la Déclaration de Boulogne en 1905 ? La grammaire de l'espéranto
31%
Quelle photo a été prise à Boulogne-sur-Mer ?
24%
Aucun quiz correspondant
Distribution des résultats
% des personnes avec chaque résultat
Percentile par nombre de réponses
Votre historique - résultats
Vous n’avez pas pris ce quiz